• 首页
  • 本馆介绍
  • 公告通知
  • 最新文献
  • 馆藏检索
  • 电子资源
  • 读者导购
  • 参考咨询
  • 我的图书馆
  • 登录
  • 详细信息显示
  • 放入我的书架
  • 预约/预借图书
  • 作者相关作品
  • 分类相关作品
  • 丛书相关作品
  • 出版社相关作品

书目信息

  • 表格格式
  • 工作单格式
  • 卡片格式
题名:
拓扑群引论
    
 
作者: 黎景辉 , 冯绪宁 著
分册:  
出版信息: 北京   科学出版社  2014.03
页数: 14,252页
开本: 24cm
丛书名: 现代数学基础丛书
单 册:
中图分类: O152.4
科图分类:
主题词: 拓扑群--概论 , 拓扑群
电子资源:
ISBN: 978-7-03-039779-9
000 00995oam2 2200313 450
001 0120141260009
005 20170502093244.35
010    @a978-7-03-039779-9@dCNY85.00
100    @a20140324d2014 em y0chiy0110 ea
101 0  @achi
102    @aCN@b110000
105    @aa z 001yy
106    @ar
200 1  @a拓扑群引论@9tuo pu qun yin lun@f黎景辉,冯绪宁著
205    @a2版
210    @a北京@c科学出版社@d2014.03
215    @a14,252页@c图@d24cm
225 2  @a现代数学基础丛书@v153
300    @a华罗庚-吴文俊数学出版基金资助项目
330    @a本书介绍了拓扑群的基本概念、测度与积分、拓扑群(特别是紧、局部紧的拓扑群)的表示,同时讨论齐性空间、群代数和K理论的一些相关结果。
333    @a大学数学系本科生和研究生
461  0 @12001 @a现代数学基础丛书@v153
606 0  @a拓扑群@x概论
606 0  @a拓扑群
690    @aO152.4@v5
701  0 @a黎景辉@9li jing hui@4著
701  0 @a冯绪宁@9feng xu ning@4著
801  0 @aCN@b人天书店@c20140324
905    @b989006-08@dO152.4@e42=2@f3
    
    拓扑群引论/黎景辉,冯绪宁著.-2版.-北京:科学出版社,2014.03
    14,252页:图;24cm.-(现代数学基础丛书;153)
    华罗庚-吴文俊数学出版基金资助项目.-使用对象:大学数学系本科生和研究生
    
    ISBN 978-7-03-039779-9:CNY85.00
    本书介绍了拓扑群的基本概念、测度与积分、拓扑群(特别是紧、局部紧的拓扑群)的表示,同时讨论齐性空间、群代数和K理论的一些相关结果。
●
相关链接 在E读中查询图书 在五车中查询图书 在当当中查询图书 在豆瓣中查询图书


正题名:拓扑群引论     索取号:O152.4/42=2         预约/预借

序号 登录号 条形码 馆藏地/架位号 状态 备注
1 989006   209890064   第二样本阅览室/ [索取号:O152.4/42=2] 在馆    
2 989007   209890073   数信系资料室/ [索取号:O152.4/42=2] 在馆    
3 989008   209890082   第三借阅区/ [索取号:O152.4/42=2] 在馆    
唐山师范学院图书馆 欢迎您!
大连网信软件有限公司© 版权所有